| 000 | 00999nam a2200217 4500 | ||
|---|---|---|---|
| 001 | 148328 | ||
| 003 | ES-MaACL | ||
| 005 | 20230906202547.0 | ||
| 007 | t| | ||
| 008 | 070214s1940 mx r ||||1| spa d | ||
| 100 | 1 |
_aSteck, Francisco Borgia. _9107973 |
|
| 245 | 1 | 0 |
_aEnsayos históricos hispanoamericanos / _cFrancisco Borgia Steck ; con una introducción de Alberto María Carreño. |
| 260 |
_aMéxico : _bAbside, _c1940. |
||
| 300 |
_a74 p. ; _c22 cm. |
||
| 505 | 8 | _aContiene: Serie 1 Juan Pablos, el Gutemberg americano. Serie 2 Los cincuenta primeros años de dominación española en México (1522-1527). Serie 3 Los colegios misioneros franciscanos en la América española | |
| 700 | 1 |
_aCarreño, Alberto María. _935611 |
|
| 740 | 0 | _aJuan Pablos, el Gutemberg americano. | |
| 740 | 0 | _aLos cincuenta primeros años de dominación española en México (1522-1527) | |
| 740 | 0 | _aLos colegios misioneros franciscanos en la América española. | |
| 852 |
_aES-MaACL _j1883-F-5 _bR.25811 |
||
| 999 |
_c148328 _d148328 |
||